[Event "Ogolnopolski-ch 55th"]
[Site "Zamosc"]
[Date "2013.??.??"]
[Round "2.25"]
[White "Rafa, Robert"]
[Black "Molenda, Marcin"]
[Result "1-0"]
[WhiteElo "1892"]
[BlackElo "1873"]
[PlyCount "72"]
[EventDate "2013.06.07"]
[EventType "swiss"]
[EventRounds "9"]
[EventCountry "POL"]
[SourceTitle "EXT 2014"]
[Source "ChessBase"]
[SourceDate "2013.11.20"]
[SourceVersion "1"]
[SourceVersionDate "2013.11.20"]
[SourceQuality "1"]

1. d4 d5 2. Bg5 h6 3. Bh4 c6 4. Nf3 Nd7 5. e3 Ngf6 6. Bd3 e6 7. 0-0 Be7 8. Nbd2 0-0 9. c4 dxc4 10. Nxc4 b5 11. Nce5 Bb7 12. Rc1 Rc8 13. Qe2 a6 14. Rfd1 Nd5 15. Bxe7 Qxe7 16. Nxd7 Qxd7 17. Rc5 Qe7 18. Ne5 Nb6 19. Rdc1 Na4 20. R5c2 Qd6 21. Be4 Rc7 22. b3 Nb6 23. Bxc6 Bxc6 24. Rxc6 Rxc6 25. Rxc6 Qb8 26. Qc2 Qb7 27. h3 Nd5 28. a3 a5 29. Qc5 h5 30. Nd3 b4 31. a4 Ne7 32. Rc7 Qe4 33. Ne5 Nf5 34. Rc8 Rxc8 35. Qxc8+ Kh7 36. Nxf7 h4 1-0

[Event "Mazowiec-chT op 0910"]
[Site "Mazowsze"]
[Date "2010.01.31"]
[Round "5.10"]
[White "Duda, Ryszard"]
[Black "Rafa, Robert"]
[Result "0-1"]
[WhiteElo "1760"]
[BlackElo "2000"]
[PlyCount "116"]
[EventDate "2009.11.29"]
[EventType "team-tourn"]
[EventRounds "10"]
[EventCountry "POL"]
[SourceTitle "EXT 2011"]
[Source "ChessBase"]
[SourceDate "2010.11.26"]
[SourceVersion "1"]
[SourceVersionDate "2010.11.26"]
[SourceQuality "1"]

1. e4 d5 2. exd5 Qxd5 3. Nc3 Qa5 4. d4 Nf6 5. Nf3 Bf5 6. Bd3 Bxd3 7. Qxd3 c6 8. 0-0 e6 9. Bd2 Nbd7 10. a3 Rd8 11. Qe2 Be7 12. Rfe1 0-0 13. Ne4 Qc7 14. c3 h6 15. Ng3 Rfe8 16. Ne4 Nxe4 17. Qxe4 Bd6 18. g3 c5 19. Be3 c4 20. Nh4 f5 21. Qf3 Nf6 22. Ng2 Nd5 23. Bd2 Kh7 24. Ne3 Nf6 25. Nxf5 exf5 26. Qxf5+ Kg8 27. Bxh6 Qf7 28. Bg5 Rxe1+ 29. Rxe1 Re8 30. Rxe8+ Nxe8 31. Qxf7+ Kxf7 32. h4 Nc7 33. Kg2 Nd5 34. Kf3 b5 35. Ke4 Ke6 36. Bd2 Nf6+ 37. Kf3 Kf5 38. Bc1 Ng4 39. Bd2 a5 40. Bc1 b4 41. axb4 axb4 42. Bd2 b3 43. Bc1 g6 44. Bd2 Bf8 45. Ke2 Nf6 46. f3 Ng8 47. g4+ Ke6 48. f4 Be7 49. g5 Kf5 50. Ke3 Bd6 51. Kf3 Ne7 52. Bc1 Nd5 53. Bd2 Nxf4 54. Bxf4 Bxf4 55. h5 Bxg5 56. hxg6 Bh6 57. Ke2 Kxg6 58. Kd1 Kf5 0-1

[Event "Warsaw Najdorf Memorial op-A"]
[Site "Warsaw"]
[Date "2008.08.08"]
[Round "7"]
[White "Rafa, Robert"]
[Black "Wypych, Dominik"]
[Result "0-1"]
[WhiteElo "2033"]
[BlackElo "2085"]
[PlyCount "60"]
[EventDate "2008.08.02"]
[EventType "swiss"]
[EventRounds "9"]
[EventCountry "POL"]
[SourceTitle "CBM 125 Extra"]
[Source "ChessBase"]
[SourceDate "2008.09.01"]
[SourceVersion "1"]
[SourceVersionDate "2008.09.01"]
[SourceQuality "1"]

1. d4 Nf6 2. Bg5 h6 3. Bxf6 exf6 4. Nf3 f5 5. e3 g6 6. Bd3 Bg7 7. c4 d6 8. Nc3 Nd7 9. Qc2 Nf6 10. 0-0 0-0 11. Rfe1 Re8 12. Rad1 c6 13. Rc1 Bd7 14. a3 Qe7 15. b4 Ne4 16. Nd2 Nxc3 17. Qxc3 c5 18. Nf3 Bc6 19. Nd2 cxd4 20. exd4 Qh4 21. Nb3 Ba4 22. g3 Qf6 23. Rcd1 f4 24. Be4 Re7 25. Qd3 Rae8 26. f3 fxg3 27. hxg3 Kf8 28. Kf2 Bxb3 29. Qxb3 Rxe4 30. Rxe4 Rxe4 0-1

[Event "Mazowiec-chT 0708"]
[Site "Poland"]
[Date "2008.01.27"]
[Round "8"]
[White "Rafa, Robert"]
[Black "Kozerski, Zbigniew"]
[Result "1/2-1/2"]
[WhiteElo "2033"]
[BlackElo "1987"]
[PlyCount "99"]
[EventDate "2007.10.14"]
[EventType "team-tourn"]
[EventRounds "10"]
[EventCountry "POL"]
[SourceTitle "EXT 2010"]
[Source "ChessBase"]
[SourceDate "2010.11.25"]
[SourceVersion "1"]
[SourceVersionDate "2010.11.25"]
[SourceQuality "1"]

1. d4 d5 2. Nf3 c6 3. g3 e6 4. Bg2 f5 5. 0-0 Nf6 6. Bg5 Be7 7. e3 0-0 8. c4 b6 9. Ne5 Bb7 10. Nd2 Nbd7 11. Ndf3 Nxe5 12. Nxe5 Nd7 13. Bxe7 Qxe7 14. Nxd7 Qxd7 15. Qa4 b5 16. cxb5 cxb5 17. Qa3 Rfc8 18. Rfc1 a6 19. Rc5 Rxc5 20. dxc5 a5 21. Qc3 b4 22. Qd4 Qc7 23. Rc1 Bc6 24. h4 Rd8 25. Qd3 Ra8 26. Bf3 Qe5 27. Qd4 Qf6 28. Bg2 Kf8 29. Qd2 g6 30. Qd4 Kf7 31. f4 h6 32. Kf2 Rb8 33. Bf3 h5 34. Be2 Re8 35. Bf3 Rd8 36. Ra1 Rb8 37. Be2 Qe7 38. Rb1 Qf6 39. Bd3 Re8 40. a3 Rb8 41. Ke1 Qd8 42. Kf2 bxa3 43. bxa3 Rxb1 44. Bxb1 Qb8 45. Bc2 Bb5 46. Qc3 Qc7 47. Bb3 Bc4 48. Bxc4 Qxc5 49. Qh8 dxc4 50. Qh7+ 1/2-1/2

[Event "Mazowiec-chT 0708"]
[Site "Poland"]
[Date "2008.01.06"]
[Round "6"]
[White "Starczewska, Malgorzata"]
[Black "Rafa, Robert"]
[Result "1/2-1/2"]
[WhiteElo "2035"]
[BlackElo "2033"]
[PlyCount "59"]
[EventDate "2007.10.14"]
[EventType "team-tourn"]
[EventRounds "10"]
[EventCountry "POL"]
[SourceTitle "EXT 2010"]
[Source "ChessBase"]
[SourceDate "2010.11.25"]
[SourceVersion "1"]
[SourceVersionDate "2010.11.25"]
[SourceQuality "1"]

1. f4 d5 2. Nf3 Nf6 3. g3 c5 4. d3 Nc6 5. Bg2 e6 6. Nc3 Be7 7. 0-0 0-0 8. e4 dxe4 9. dxe4 Qb6 10. Kh1 Rd8 11. Qe2 Nd4 12. Nxd4 cxd4 13. Nd1 Bd7 14. Nf2 Bc6 15. Nd3 Rac8 16. a4 Nd7 17. b3 Bf6 18. Ba3 e5 19. fxe5 Bxe5 20. Rad1 Re8 21. Nxe5 Nxe5 22. Qf2 f6 23. Qxd4 Qxd4 24. Rxd4 Rcd8 25. Rfd1 Rxd4 26. Rxd4 Ng4 27. Bc1 Nf2+ 28. Kg1 Nxe4 29. Bxe4 Rxe4 30. Rd8+ 1/2-1/2

[Event "Mazowieckie-chT 0506"]
[Site "Poland"]
[Date "2006.01.22"]
[Round "9"]
[White "Kowalik, Pawel"]
[Black "Rafa, Robert"]
[Result "1/2-1/2"]
[WhiteElo "1901"]
[BlackElo "2099"]
[PlyCount "88"]
[EventDate "2005.10.09"]
[EventType "team-tourn"]
[EventRounds "9"]
[EventCountry "POL"]
[SourceTitle "EXT 2019"]
[Source "ChessBase"]
[SourceDate "2018.10.10"]
[SourceVersion "1"]
[SourceVersionDate "2018.10.10"]
[SourceQuality "1"]

1. c4 e5 2. Nc3 Nf6 3. Nf3 Nc6 4. g3 h6 5. Bg2 Be7 6. 0-0 0-0 7. a3 Re8 8. d3 d6 9. h3 Bf8 10. e4 Be6 11. Be3 Qd7 12. Kh2 Nh7 13. b4 Ne7 14. Nd2 c6 15. d4 f6 16. d5 cxd5 17. cxd5 Bf7 18. Qg4 Qxg4 19. hxg4 a6 20. Rfc1 Rec8 21. Na4 Rxc1 22. Rxc1 Rc8 23. Rxc8 Nxc8 24. Nb6 Nxb6 25. Bxb6 Be8 26. Nc4 Ng5 27. Na5 Bd7 28. Nxb7 Bxg4 29. Bc7 Bf3 30. Bxd6 Bxe4 31. Bxf8 Kxf8 32. Bxe4 Nxe4 33. Kg2 Ke7 34. Nc5 Nc3 35. Nxa6 Kd6 36. Kf3 Kxd5 37. Nc7+ Kc4 38. Ne8 Kb3 39. Nxg7 Kxa3 40. Nf5 Kxb4 41. Nxh6 Kc5 42. Ng4 Nd5 43. Ke4 Kd6 44. Kf5 Ke7 1/2-1/2

[Event "Mazowieckie-chT 0506"]
[Site "Poland"]
[Date "2005.12.11"]
[Round "6"]
[White "Plichta, Kamil"]
[Black "Rafa, Robert"]
[Result "0-1"]
[WhiteElo "1800"]
[BlackElo "2099"]
[PlyCount "110"]
[EventDate "2005.10.09"]
[EventType "team-tourn"]
[EventRounds "9"]
[EventCountry "POL"]
[SourceTitle "EXT 2019"]
[Source "ChessBase"]
[SourceDate "2018.10.10"]
[SourceVersion "1"]
[SourceVersionDate "2018.10.10"]
[SourceQuality "1"]

1. d4 g6 2. c4 Bg7 3. Nc3 c5 4. Nf3 cxd4 5. Nxd4 Nc6 6. Be3 Qa5 7. Qd2 Nf6 8. Nxc6 dxc6 9. h4 h5 10. Bd4 Be6 11. Ne4 Qxd2+ 12. Nxd2 0-0 13. g3 Rfd8 14. Bc3 Rd7 15. 0-0-0 Ng4 16. Bxg7 Kxg7 17. Ne4 Rxd1+ 18. Kxd1 Bf5 19. Kc1 Bxe4 20. f3 Rd8 21. fxe4 Nf2 22. Rg1 Nxe4 23. e3 Nf2 24. Be2 Ng4 25. Bxg4 hxg4 26. Rf1 Rd3 27. Re1 e5 28. Kc2 e4 29. b3 f5 30. Re2 Kh6 31. Kb2 Rd1 32. b4 Rg1 33. Kc3 Rxg3 34. Kd4 Rf3 35. a4 g3 36. Kc5 Rf2 37. Re1 g2 38. Rg1 f4 39. exf4 e3 40. Kd6 e2 41. Kc7 Rf1 42. Rxg2 e1Q 43. Kxb7 Qxb4+ 44. Kc7 Qxc4 45. h5 Qf7+ 46. Kd6 Qxf4+ 47. Kd7 Rd1+ 48. Kc8 Qf5+ 49. Kb7 Rd7+ 50. Ka6 Qd3+ 51. Ka5 Qd5+ 52. Ka6 Qxg2 53. hxg6 c5 54. g7 Qc6+ 55. Ka5 Qb6# 0-1